000 00507nam a2200169Ia 4500
008 090201s9999 xx 000 0 und d
010 _aKPL-47868
040 _bमराठी
041 _aमराठी
082 _a50871
_b47868
100 _aएस. एम. काशीकर
245 _aतिरंदाज
_cएस. एम. काशीकर
260 _c2006
_bविनी प्रकाशन
300 _a189
_bमध्यम
600 _aतिरंदाज
942 _cBOOK
999 _c247387
_d247387